Score 0/11 Timer 05:00
0 Plays Today
Hints Computers % Correct
Not a Pear but...Apple
97.4%
PlaystationSony
88.4%
4 lettersDell
87.1%
InventHP
77%
CowAcer
75.4%
Lines Through the NameIBM
55.5%
Cell phones and other stuffSamsung
54.7%
Leading InnovationToshiba
48.2%
Laptops onlyLenovo
42.2%
Small not roomyCompaq
36.2%
__________ Physics Quatum
7.7%
Come Together.
Have Fun.
All Virtual.
We all need to come together. Play Sporcle's virtual live trivia to have fun, connect with people, and get your trivia on. Join a live hosted trivia game for your favorite pub trivia experience done virtually. If a virtual private party is more your thing, go here for details.

You're not logged in!

Compare scores with friends on all Sporcle quizzes.
OR
Log In

Sporcle TV

Today on Sporcle TV


Watch our educational content, quiz creation guides, and fun videos on Sporcle TV.

Show Comments

Extras

Created Oct 9, 2009ReportNominate
Tags:Computer Quiz, brand

Top Quizzes Today


Score Distribution

Paid Content

Your Account Isn't Verified!

In order to create a playlist on Sporcle, you need to verify the email address you used during registration. Go to your Sporcle Settings to finish the process.

Report this User

Report this user for behavior that violates our Community Guidelines.

Details: